000 00309nam a22001337a 4500
020 _a978-93-82515-16-6
082 _a894.812.3
_bSAS/P
100 _aSASI,MADAVOOR
245 _aPONMUTTAYIDUNNA THARAVU
260 _aTHRISSUR
_bH&C STORES
_c2023
300 _a48
650 _aMORAL STORIES
_zKERALA
942 _cBK
999 _c7086
_d7086